000 00738cab a2200241 4500
001 WB3246-32
008 090401t1996 xxu||||| |||| 00| 0 eng d
035 _a(Sirsi) u64386
041 _aeng
245 _aEC tightening up valuation rules
260 _c1996
350 _a0
490 _aEstates Gazette
_v(9648) 30 November 1996, 36(1)
520 _aThe European Commission is tightening up valuation rules to make public authorities reject bids for land if they do not fall within 5% of the site`s market value.
650 _aACCEPTABLE BIDS
650 _aLAND SALES
650 _aMARGINS
650 _aMARKET VALUE
650 _aValuation
_96273
690 _aRATING AND VALUATION
942 _n0
948 _c04/03/1997
999 _c40099
_d40099